00393nam a2200133Ia 4500008004100000020002700041082001600068100002000084245005000104250001200154260005300166300001900219600002100238250522s9999 xx 000 0 und d a0136603904 (hardcover) a005.265 IRV aIrvine, Kip R., 0aAssembly language for Intel-based computers / a3rd ed. aUpper Saddle River, N.J. :bPrentice-Hall,c1999 axxix, 676 p. : aComputer Science